El Once [11] de marzo en Madrid: El Choque de irracionalidades y la recuperación de la historia.
Պահպանված է:
| Հիմնական հեղինակ: | |
|---|---|
| Համատեղ հեղինակ: | |
| Ձևաչափ: | Գիրք |
| Լեզու: | Spanish |
| Հրապարակվել է: |
San José, Costa Rica
DEI
2004
|
| Խորագրեր: | |
| Ցուցիչներ: |
Ավելացրեք ցուցիչ
Չկան պիտակներ, Եղեք առաջինը, ով նշում է այս գրառումը!
|
MARC
| LEADER | 00000nam a2200000 4500 | ||
|---|---|---|---|
| 003 | cru CIDCACS/IIS | ||
| 005 | 20181129062531.0 | ||
| 008 | 181128b2004 cr ||||| |||| 00| 0 spa d | ||
| 999 | |c 41925 |d 41925 | ||
| 040 | |c cru CIDCACS/IIS | ||
| 090 | |a REV0750 (113) 2004 | ||
| 100 | |9 8019 |a Herrera Flores, Joaquín | ||
| 110 | 2 | |9 7636 |a Departamento Ecuménico de Investigaciones (DEI) | |
| 245 | |a El Once [11] de marzo en Madrid: |b El Choque de irracionalidades y la recuperación de la historia. |c Joaquín Herrera Flores | ||
| 260 | |a San José, Costa Rica |b DEI |c 2004 | ||
| 300 | |a Página 35 | ||
| 650 | 0 | |9 845 |a TERRORISMO | |
| 650 | 0 | |9 83 |a DEMOCRACIA | |
| 650 | 0 | |9 133 |a VIOLENCIA | |
| 650 | 0 | |9 38 |a DERECHOS HUMANOS | |
| 650 | 0 | |9 67 |a SISTEMAS POLITICOS | |
| 650 | 0 | |a CIUDADANIA |9 414 | |
| 773 | 0 | |0 41641 |9 2434 |a Departamento Ecuménico de Investigaciones (DEI) |d San José, Costa Rica Departamento Ecuménico de Investigaciones (DEI) |o 20202 |t Pasos / | |
| 942 | |2 ddc |c PP | ||
